| 000 | 00534cam a2200181ua 4500 | ||
|---|---|---|---|
| 001 | 5881 | ||
| 005 | 20260515113940.0 | ||
| 008 | 131028n ii |||gr||||Z||||||eng | ||
| 040 | _cMAIN | ||
| 082 | _a954.167 | ||
| 245 |
_a Himalayan Gateway : _bHistory and Culture of Sikkim / _cBy George Kotturan . |
||
| 260 |
_aNew Delhi: _bSterling Publisher Pvt. Ltd., _c1983. _aJalandhar: _aBangalore: |
||
| 300 | _ax,167p. | ||
| 653 | _aHistory | ||
| 653 | _aHistory and culture of Sikkim | ||
| 700 |
_aKotturan,George, _eAuthor. |
||
| 942 | _cBK | ||
| 999 |
_c5030 _d5030 |
||